[Event "Mittelfranken-ch QT 60th"]
[Site "Buechenbach/Roth"]
[Date "2011.04.22"]
[Round "7"]
[White "Wild, Erwin"]
[Black "Lutter, Maximilian"]
[Result "1-0"]
[WhiteElo "1593"]
[BlackElo "1314"]
[PlyCount "87"]
[EventDate "2011.04.20"]
[EventType "swiss"]
[EventRounds "7"]
[EventCountry "GER"]
[SourceTitle "CBM 142 Extra"]
[Source "ChessBase"]
[SourceDate "2011.06.27"]
[SourceVersion "1"]
[SourceVersionDate "2011.06.27"]
[SourceQuality "1"]

1. c4 c5 2. Nc3 Nf6 3. g3 d5 4. cxd5 Nxd5 5. Bg2 Nc7 6. Qc2 e5 7. Nf3 Nc6 8. a3 Be7 9. e3 0-0 10. 0-0 Be6 11. d3 h6 12. Re1 Qd7 13. Rd1 Bh3 14. Bh1 Bg4 15. Rd2 Qf5 16. Ne1 Qd7 17. Ne4 b6 18. Nc3 Rad8 19. Qa4 Na5 20. Qc2 Nc6 21. Rb1 Rfe8 22. b3 Bf8 23. Bb2 Kh8 24. Ne4 f5 25. Nc3 e4 26. Rc1 Ne6 27. f3 exf3 28. Nxf3 Bxf3 29. Bxf3 Ng5 30. Bg2 Rxe3 31. Kf2 Rde8 32. b4 Nd4 33. Qd1 cxb4 34. Nd5 Nh3+ 35. Bxh3 Qxd5 36. Bg2 Qd7 37. a4 b3 38. Qh5 Nc2 39. Qxh6+ Kg8 40. Qg6 Bb4 41. Bc6 Qe7 42. Bd5+ Kf8 43. Qxf5+ Qf6 44. Bxf6 1-0

[Event "Mittelfranken-ch QT 60th"]
[Site "Buechenbach/Roth"]
[Date "2011.04.22"]
[Round "5"]
[White "Wild, Erwin"]
[Black "Stahl, Peter1111"]
[Result "1-0"]
[WhiteElo "1593"]
[BlackElo "1565"]
[PlyCount "59"]
[EventDate "2011.04.20"]
[EventType "swiss"]
[EventRounds "7"]
[EventCountry "GER"]
[SourceTitle "CBM 142 Extra"]
[Source "ChessBase"]
[SourceDate "2011.06.27"]
[SourceVersion "1"]
[SourceVersionDate "2011.06.27"]
[SourceQuality "1"]

1. c4 b5 2. cxb5 a6 3. bxa6 Bxa6 4. d3 d5 5. Nf3 c5 6. Qa4+ Qd7 7. Qxd7+ Nxd7 8. g3 e6 9. Bg2 h6 10. 0-0 f5 11. b3 Be7 12. Bb2 Bf6 13. Bxf6 Ngxf6 14. Nbd2 g5 15. Rfb1 f4 16. b4 fxg3 17. hxg3 cxb4 18. Rxb4 0-0 19. a4 Rab8 20. Rab1 Rxb4 21. Rxb4 Rc8 22. Nd4 Rc1+ 23. Nf1 e5 24. Nf5 Kh7 25. Ne7 d4 26. Nd5 Rxf1+ 27. Kxf1 Nxd5 28. Bxd5 Nc5 29. a5 Bc8 30. Rc4 1-0

[Event "Mittelfranken-ch QT 60th"]
[Site "Buechenbach/Roth"]
[Date "2011.04.21"]
[Round "4"]
[White "Sikorsky, Reinhard"]
[Black "Wild, Erwin"]
[Result "1-0"]
[WhiteElo "1653"]
[BlackElo "1593"]
[PlyCount "79"]
[EventDate "2011.04.20"]
[EventType "swiss"]
[EventRounds "7"]
[EventCountry "GER"]
[SourceTitle "CBM 142 Extra"]
[Source "ChessBase"]
[SourceDate "2011.06.27"]
[SourceVersion "1"]
[SourceVersionDate "2011.06.27"]
[SourceQuality "1"]

1. e4 c5 2. Nf3 Nc6 3. d4 cxd4 4. Nxd4 e5 5. Nb5 d6 6. N1c3 a6 7. Na3 Nf6 8. Bg5 Be7 9. Bxf6 Bxf6 10. Nd5 Bg5 11. c3 b5 12. Nc2 0-0 13. Nce3 f5 14. exf5 Bxf5 15. Nxf5 Rxf5 16. h4 Be7 17. Ne3 Rf7 18. Qd5 Rc8 19. Bd3 Qf8 20. h5 Kh8 21. Qe4 Qg8 22. g4 Bg5 23. Nf5 Rd7 24. h6 g6 25. Nh4 Bxh4 26. Rxh4 d5 27. Qg2 e4 28. Be2 Re8 29. a4 Ne5 30. Kf1 Rb7 31. axb5 axb5 32. Ra5 Nd3 33. Bxd3 exd3 34. Rh3 d2 35. Ra1 Rbe7 36. Re3 Qf7 37. Ke2 Rxe3+ 38. fxe3 Qe6 39. Qf3 Kg8 40. Ra7 1-0

[Event "Mittelfranken-ch QT 60th"]
[Site "Buechenbach/Roth"]
[Date "2011.04.21"]
[Round "3"]
[White "Wild, Erwin"]
[Black "Duerr, Florian"]
[Result "0-1"]
[WhiteElo "1593"]
[BlackElo "1798"]
[PlyCount "74"]
[EventDate "2011.04.20"]
[EventType "swiss"]
[EventRounds "7"]
[EventCountry "GER"]
[SourceTitle "CBM 142 Extra"]
[Source "ChessBase"]
[SourceDate "2011.06.27"]
[SourceVersion "1"]
[SourceVersionDate "2011.06.27"]
[SourceQuality "1"]

1. c4 b6 2. Nf3 Bb7 3. e3 Nf6 4. Nc3 e6 5. b3 d5 6. cxd5 exd5 7. Bb2 c5 8. Bb5+ Nbd7 9. 0-0 Bd6 10. d4 0-0 11. Re1 a6 12. Bd3 Re8 13. Qc2 Qc7 14. Ne2 Ne4 15. Rac1 Rac8 16. a3 Ndf6 17. dxc5 bxc5 18. Ng3 Ng4 19. Bxe4 dxe4 20. Ng5 Qe7 21. Nh3 Qe6 22. Qc4 Bd5 23. Qxa6 Bxg3 24. Qxe6 Bxh2+ 25. Kh1 fxe6 26. g3 Nxf2+ 27. Nxf2 Bxg3 28. Rg1 Bxf2 29. Rxg7+ Kf8 30. Rf1 e5 31. Rd7 Bxb3 32. Rxf2+ Kg8 33. Rg2+ Kh8 34. Rg5 c4 35. Bxe5+ Rxe5 36. Rxe5 c3 37. Rg5 c2 0-1

[Event "Mittelfranken-chTB2a 0910"]
[Site "Mittelfranken"]
[Date "2010.01.10"]
[Round "5.6"]
[White "Diller, Peter"]
[Black "Wild, Erwin"]
[Result "1-0"]
[WhiteElo "1868"]
[BlackElo "1629"]
[PlyCount "49"]
[EventDate "2009.10.11"]
[EventType "team-tourn"]
[EventRounds "9"]
[EventCountry "GER"]
[SourceTitle "EXT 2011"]
[Source "ChessBase"]
[SourceDate "2010.11.26"]
[SourceVersion "1"]
[SourceVersionDate "2010.11.26"]
[SourceQuality "1"]
[WhiteTeam "Rothenburg"]
[BlackTeam "Buechenbach/Roth III"]
[WhiteTeamCountry "GER"]
[BlackTeamCountry "GER"]

1. e4 c5 2. f4 Nc6 3. Nf3 e6 4. Be2 b6 5. 0-0 Bb7 6. Nc3 Nd4 7. d3 Nxe2+ 8. Qxe2 Bd6 9. Ng5 Qe7 10. e5 Bb8 11. Nge4 Bc6 12. Be3 Nh6 13. Rad1 Nf5 14. Rf3 d5 15. exd6 Nxd6 16. Rh3 Bb7 17. Nxd6+ Bxd6 18. Ne4 Bc7 19. Ng5 h6 20. Nf3 Qf6 21. d4 Bxf4 22. Bxf4 Qxf4 23. Ne5 cxd4 24. Qb5+ Kf8 25. Ng6+ 1-0

[Event "Mittelfranken-ch QT 56th"]
[Site "Postbauer"]
[Date "2007.04.05"]
[Round "4"]
[White "Bildt, Maximilian"]
[Black "Wild, Erwin"]
[Result "1-0"]
[WhiteElo "1795"]
[BlackElo "1644"]
[PlyCount "44"]
[EventDate "2007.04.04"]
[EventType "swiss"]
[EventRounds "7"]
[EventCountry "GER"]
[SourceTitle "EXT 2015"]
[Source "ChessBase"]
[SourceDate "2014.11.20"]
[SourceVersion "1"]
[SourceVersionDate "2014.11.20"]
[SourceQuality "1"]

1. e4 c5 2. d4 cxd4 3. Nf3 Nc6 4. Nxd4 Nf6 5. Nc3 e5 6. Ndb5 d6 7. Bg5 a6 8. Na3 Be6 9. Bc4 Bxc4 10. Nxc4 b5 11. Ne3 Be7 12. Nf5 0-0 13. Bxf6 Bxf6 14. Qxd6 Qc8 15. Nd5 Bd8 16. Qxc6 Ba5+ 17. c3 Qd8 18. Nde7+ Kh8 19. Rd1 Qb8 20. Nxg7 f6 21. Ne6 Re8 22. Nc7 Bxc7 1-0

[Event "Mittelfranken-ch QT 56th"]
[Site "Postbauer"]
[Date "2007.04.05"]
[Round "3"]
[White "Wild, Erwin"]
[Black "Leuschner, Guenter"]
[Result "1-0"]
[WhiteElo "1644"]
[BlackElo "1803"]
[PlyCount "77"]
[EventDate "2007.04.04"]
[EventType "swiss"]
[EventRounds "7"]
[EventCountry "GER"]
[SourceTitle "EXT 2015"]
[Source "ChessBase"]
[SourceDate "2014.11.20"]
[SourceVersion "1"]
[SourceVersionDate "2014.11.20"]
[SourceQuality "1"]

1. c4 e5 2. Nc3 d6 3. g3 c6 4. Bg2 Nf6 5. d4 Qc7 6. Nf3 Be7 7. 0-0 0-0 8. b3 Bg4 9. Bb2 Nbd7 10. Re1 h6 11. e4 Rfe8 12. Qd3 Bf8 13. Nh4 Nb6 14. Nf5 Rad8 15. Ne3 Bh5 16. d5 Nbd7 17. b4 Bg6 18. a4 a5 19. Ba3 Qb6 20. b5 Nc5 21. Qc2 Rc8 22. Bxc5 Qxc5 23. Qb2 cxb5 24. axb5 b6 25. Bh3 Ra8 26. f3 Red8 27. Kg2 h5 28. Na4 Qc7 29. Rac1 h4 30. Qd2 Rab8 31. Nf5 hxg3 32. hxg3 Bh7 33. Rh1 Nd7 34. Qg5 Bg6 35. Bg4 Nc5 36. Qh4 f6 37. Nxc5 Qxc5 38. Ne7+ Bxe7 39. Be6+ 1-0

[Event "Mittelfranken-ch QT 55th"]
[Site "Postbauer"]
[Date "2006.04.15"]
[Round "7"]
[White "Wild, Erwin"]
[Black "Nerreter, Bernd"]
[Result "1/2-1/2"]
[WhiteElo "1637"]
[BlackElo "1434"]
[PlyCount "43"]
[EventDate "2006.04.12"]
[EventType "swiss"]
[EventRounds "7"]
[EventCountry "GER"]
[SourceTitle "EXT 2015"]
[Source "ChessBase"]
[SourceDate "2014.11.20"]
[SourceVersion "1"]
[SourceVersionDate "2014.11.20"]
[SourceQuality "1"]

1. c4 Nf6 2. Nc3 g6 3. g3 Bg7 4. Bg2 0-0 5. Nf3 d6 6. 0-0 e5 7. d3 h6 8. Nd2 c6 9. Qb3 Nbd7 10. Nde4 Nxe4 11. Nxe4 Nf6 12. Nc3 a6 13. a4 Rb8 14. Re1 Be6 15. Qc2 d5 16. b3 Qb6 17. e3 d4 18. Ne4 Nxe4 19. Bxe4 f5 20. Bg2 c5 21. exd4 exd4 22. Bf4 1/2-1/2

[Event "Mittelfranken-ch QT 55th"]
[Site "Postbauer"]
[Date "2006.04.14"]
[Round "6"]
[White "Schanz, Karlheinz"]
[Black "Wild, Erwin"]
[Result "1-0"]
[WhiteElo "1818"]
[BlackElo "1637"]
[PlyCount "155"]
[EventDate "2006.04.12"]
[EventType "swiss"]
[EventRounds "7"]
[EventCountry "GER"]
[SourceTitle "EXT 2015"]
[Source "ChessBase"]
[SourceDate "2014.11.20"]
[SourceVersion "1"]
[SourceVersionDate "2014.11.20"]
[SourceQuality "1"]

1. e4 c5 2. Nf3 Nc6 3. Bc4 e6 4. Qe2 a6 5. a4 Qc7 6. Nc3 Be7 7. 0-0 d6 8. d3 Nf6 9. Bg5 0-0 10. Rad1 Re8 11. d4 cxd4 12. Nxd4 Ne5 13. Bb3 Ng6 14. Rfe1 b6 15. Qc4 Qxc4 16. Bxc4 Bb7 17. f3 Red8 18. Be3 Nd7 19. Bb3 Nc5 20. Bc4 Rac8 21. Ba2 h6 22. Rd2 Nd7 23. Nde2 Nge5 24. Rd4 Nc6 25. Rdd1 Nce5 26. Bb1 Nc4 27. Bc1 Nc5 28. b3 Ne5 29. Be3 Ncd7 30. Na2 Nc5 31. Bd4 Nc6 32. Bc3 a5 33. Nd4 Nxd4 34. Bxd4 e5 35. Bb2 Rc7 36. Nc1 Ba6 37. c3 Bg5 38. Bc2 Rcd7 39. c4 Kh8 40. Nd3 Kg8 41. g3 Bb7 42. h4 Be7 43. Nf2 Ne6 44. Kg2 Rc7 45. Re2 Nc5 46. Red2 Ne6 47. Ng4 Bc6 48. Ne3 g6 49. Ng4 Kh7 50. Ne3 Rcd7 51. Rf2 Nc5 52. Rh1 Na6 53. Kf1 Nb4 54. Bb1 Rc7 55. Bc1 d5 56. exd5 Bxd5 57. Bb2 Be6 58. Bxe5 Rcd7 59. Re2 Bc5 60. Kg2 Rd2 61. Kf1 Bxe3 62. Rxe3 Rd1+ 63. Re1 R1d2 64. Bc3 Rd1 65. Kg2 R1d6 66. g4 Nd3 67. Re4 Nc5 68. Rf4 Nxb3 69. h5 Bxc4 70. hxg6+ fxg6 71. Rxc4 Nc5 72. Rf4 R8d7 73. Rf8 Rd8 74. Rf7+ Kg8 75. Rg7+ Kf8 76. Rxh6 Rd2+ 77. Kg3 Ne4+ 78. Bxe4 1-0

[Event "Mittelfranken-ch QT 51st"]
[Site "Zirndorf"]
[Date "2002.??.??"]
[Round "6"]
[White "Tabatschnik, Maxim"]
[Black "Wild, Erwin"]
[Result "1/2-1/2"]
[WhiteElo "1496"]
[BlackElo "1691"]
[PlyCount "35"]
[EventDate "2002.03.27"]
[EventType "swiss"]
[EventRounds "7"]
[EventCountry "GER"]
[SourceTitle "EXT 2015"]
[Source "ChessBase"]
[SourceDate "2014.11.20"]
[SourceVersion "1"]
[SourceVersionDate "2014.11.20"]
[SourceQuality "1"]

1. d4 g6 2. c4 Bg7 3. Nc3 d6 4. e4 e5 5. d5 c6 6. Bd3 Nf6 7. Nge2 Bg4 8. f3 Bd7 9. 0-0 Na6 10. Be3 0-0 11. Rb1 Nb4 12. a3 Nxd3 13. Qxd3 cxd5 14. Nxd5 Nxd5 15. cxd5 f5 16. Kh1 a6 17. Rfe1 Rf7 18. Qb3 1/2-1/2

[Event "Mittelfranken-ch QT 51st"]
[Site "Zirndorf"]
[Date "2002.??.??"]
[Round "1"]
[White "Wild, Erwin"]
[Black "Knab, Reinhard"]
[Result "1/2-1/2"]
[WhiteElo "1691"]
[BlackElo "1956"]
[PlyCount "35"]
[EventDate "2002.03.27"]
[EventType "swiss"]
[EventRounds "7"]
[EventCountry "GER"]
[SourceTitle "EXT 2015"]
[Source "ChessBase"]
[SourceDate "2014.11.20"]
[SourceVersion "1"]
[SourceVersionDate "2014.11.20"]
[SourceQuality "1"]

1. c4 f5 2. g3 Nf6 3. Nc3 e6 4. Bg2 d5 5. cxd5 exd5 6. d4 c6 7. Nf3 Be7 8. 0-0 0-0 9. Re1 Qe8 10. Qb3 Kh8 11. Bf4 Ne4 12. Nxe4 fxe4 13. Nd2 Qg6 14. Qe3 Bf5 15. f3 Bb4 16. a3 Bxd2 17. Qxd2 Nd7 18. Qb4 1/2-1/2